Städte Europas - Sudden Death - Statistiken

Allgemein
  • Dieses Quiz wurde 496 mal gespielt
  • Das Durchschnittsergebnis liegt bei 8 aus 19
Answers on the Grid
Answers color-coded by a green-red scale on the quiz's grid according to % correct below.
Chisinau
Le Havre
Edmonton
Portland
Plowdiw
Cali
Cluj-Napoca
Natal
Norwich
Plymouth
Salamanca
Alexandria
Kasan
Erbil
Bari
Karatschi
Mandalay
Galway
Omsk
Brügge
Tripolis
Gent
Lusaka
Patras
Homs
Porto
Lahr
Randers
Hamilton
Belem
Bozen
Basra
Maribor
Como
Nanning
Medan
 
Antwortstatistiken
Antwort % Korrekt
Chisinau
78%
Le Havre
72%
Brügge
68%
Norwich
61%
Plymouth
59%
Porto
57%
Gent
53%
Bozen
43%
Bari
42%
Como
40%
Galway
39%
Plowdiw
37%
Cluj-Napoca
33%
Maribor
32%
Kasan
28%
Salamanca
24%
Lahr
20%
Patras
17%
Randers
14%
Keine übereinstimmenden Quizze gefunden
Verteilung der Resultate
Anzahl Personen mit jedem Resultat
Perzentil nach korrekt beantworteten Fragen
Ihre Resultats-Entwicklung
Sie haben dieses Quiz noch nicht gespielt